[Event "XIV Festival A"]
[Site "Cesenatico ITA"]
[Date "2010.08.??"]
[Round "3"]
[White "Gerhard, Walter"]
[Black "Drei, Andrea"]
[WhiteElo "1991"]
[BlackElo "2254"]
[Result "0-1"]
[PlyCount "103"]
[EventDate "2010.08.30"]

1. b4 e5 2. Bb2 Bxb4 3. Bxe5 Nf6 4. e3 Nc6 5. Bb2 d5 6. Nf3 O-O 7. Be2 Re8 8.
O-O h6 9. a3 Bd6 10. d4 Bf5 11. Nbd2 Ne4 12. c4 Nxd2 13. Qxd2 dxc4 14. Bxc4 Qe7
15. Qc3 Qf6 16. Rae1 Be4 17. Nd2 Qh4 18. g3 Qg5 19. f4 Qf6 20. Nxe4 Rxe4 21.
Bd5 Ree8 22. Bg2 Bf8 23. e4 Rab8 24. e5 Qe7 25. Kh1 Nd8 26. f5 c6 27. Re4 Qd7
28. Rh4 Be7 29. f6 Bf8 30. Rhf4 g6 31. R4f2 Ne6 32. Rd2 Nc7 33. Rfd1 Nd5 34.
Qf3 Rbd8 35. h4 h5 36. Kh2 Qg4 37. Qb3 Qd7 38. Bh3 Qc7 39. Qf3 Bh6 40. Rd3 Rf8
41. Rf1 Rfe8 42. Rf2 a6 43. Qe4 c5 44. dxc5 Qxc5 45. Bd4 Qc6 46. e6 Rd6 47. Be5
Qc5 48. Rdf3 Rdxe6 49. Bxe6 Rxe6 50. Rc2 Qb5 51. Qd4 Bf8 52. Rd3 0-1

[Event "XIV Festival A"]
[Site "Cesenatico ITA"]
[Date "2010.08.??"]
[Round "3"]
[White "Lain, Luigi"]
[Black "Baracca, Paolo"]
[WhiteElo "2218"]
[BlackElo "2048"]
[Result "1-0"]
[PlyCount "90"]
[EventDate "2010.08.30"]

1. d4 Nf6 2. c4 g6 3. Nc3 d5 4. cxd5 Nxd5 5. e4 Nxc3 6. bxc3 Bg7 7. Bc4 c5 8.
Ne2 O-O 9. Be3 Nc6 10. Rc1 Qc7 11. h4 h5 12. Nf4 Na5 13. Be2 cxd4 14. cxd4 Qd6
15. g4 hxg4 16. Rc5 e5 17. Rd5 Qc7 18. dxe5 Nc6 19. e6 fxe6 20. Rd6 g3 21. Nxg6
g2 22. Rg1 Bc3+ 23. Bd2 Qxd6 24. Bxc3 Qh2 25. Kd2 Rd8+ 26. Bd3 e5 27. Ke3 Qh3+
28. f3 Bg4 29. Qb3+ Be6 30. Qc2 Kh7 31. Nxe5 Nxe5 32. Bxe5 Rac8 33. Qxg2 Qxg2
34. Rxg2 Rd7 35. Bf6 Rg8 36. Bg5 Rc8 37. e5+ Kg8 38. Bf6+ Kf8 39. Be4 Rc3+ 40.
Kf4 Rc4 41. h5 Bg8 42. h6 Bh7 43. e6 Rd5 44. e7+ Ke8 45. Ke3 b6 1-0

[Event "XIV Festival A"]
[Site "Cesenatico ITA"]
[Date "2010.08.??"]
[Round "3"]
[White "Massironi, Marco"]
[Black "Lupik, Marina"]
[WhiteElo "2139"]
[BlackElo "2216"]
[Result "1/2-1/2"]
[PlyCount "29"]
[EventDate "2010.08.30"]

1. d4 d5 2. c4 c6 3. cxd5 cxd5 4. Nc3 Nf6 5. Nf3 Nc6 6. Bf4 a6 7. e3 Bf5 8. Bd3
Bg6 9. a3 e6 10. O-O Bd6 11. Bg3 Bxg3 12. hxg3 Qd6 13. Rc1 O-O 14. Bxg6 hxg6
15. Qd3 1/2-1/2

[Event "XIV Festival A"]
[Site "Cesenatico ITA"]
[Date "2010.08.??"]
[Round "3"]
[White "Bonacci, Mauro"]
[Black "Bonugli, Carlo"]
[WhiteElo "2198"]
[BlackElo "2032"]
[Result "1-0"]
[PlyCount "67"]
[EventDate "2010.08.30"]

1. e4 e6 2. d4 d5 3. Nd2 Nf6 4. e5 Nfd7 5. c3 c5 6. Bd3 Nc6 7. Ngf3 Qb6 8. O-O
cxd4 9. cxd4 Nxd4 10. Nxd4 Qxd4 11. Nf3 Qb4 12. a3 Qb6 13. Qa4 Be7 14. Be3 Qd8
15. Qg4 g6 16. h4 Nc5 17. Bc2 h5 18. Qf4 Bd7 19. Rfd1 Bc6 20. b4 Nd7 21. Nd4
Nb6 22. Bd3 Bd7 23. Nf3 Ba4 24. Rdc1 Nc4 25. Bc5 b6 26. Bxe7 Qxe7 27. Bxc4 dxc4
28. Qxc4 Bd7 29. Qc7 Qd8 30. Qd6 Qe7 31. Rc7 Qxd6 32. exd6 Kd8 33. Ne5 Be8 34.
Nxf7+ 1-0

[Event "XIV Festival A"]
[Site "Cesenatico ITA"]
[Date "2010.08.??"]
[Round "3"]
[White "Gennari, Leone"]
[Black "Barlocco, Carlo"]
[WhiteElo "2025"]
[BlackElo "2183"]
[Result "0-1"]
[PlyCount "75"]
[EventDate "2010.08.30"]

1. d4 d5 2. c4 c6 3. Nc3 Nf6 4. Nf3 a6 5. c5 Bf5 6. Bf4 Nbd7 7. Qb3 Qc8 8. e3
Nh5 9. Rc1 Nxf4 10. exf4 e6 11. Be2 Qc7 12. g3 Be7 13. Qd1 O-O 14. O-O b6 15.
cxb6 Nxb6 16. Bd3 Bxd3 17. Qxd3 c5 18. dxc5 Qxc5 19. Ne5 Qd6 20. Ne2 Nd7 21.
Nxd7 Qxd7 22. Rc2 Bf6 23. Rfc1 h6 24. b3 a5 25. Rc7 Qd6 26. R1c5 Rfb8 27. Nd4
Qd8 28. Nb5 a4 29. bxa4 Rxa4 30. Na7 Bd4 31. Rc8 Bxc5 32. Rxd8+ Rxd8 33. Qb5
Bxf2+ 34. Kxf2 Rxa2+ 35. Kf3 Rxa7 36. g4 d4 37. Qd3 Rc7 38. Ke4 0-1

[Event "XIV Festival A"]
[Site "Cesenatico ITA"]
[Date "2010.08.??"]
[Round "3"]
[White "Parenti, Davide"]
[Black "Facchetti, Gianni"]
[WhiteElo "2000"]
[BlackElo "2151"]
[Result "1/2-1/2"]
[PlyCount "128"]
[EventDate "2010.08.30"]

1. Nf3 d6 2. d4 Nf6 3. b3 c6 4. Bb2 h6 5. e3 Bf5 6. Bd3 Bxd3 7. Qxd3 d5 8. Nbd2
e6 9. O-O Be7 10. Ne5 O-O 11. f4 Nbd7 12. c4 Rc8 13. c5 Re8 14. b4 a6 15. a4
Ra8 16. Bc3 Qb8 17. b5 axb5 18. Nxd7 Nxd7 19. axb5 Rxa1 20. Rxa1 f6 21. bxc6
bxc6 22. Qa6 Qc7 23. Rb1 Rb8 24. Rxb8+ Nxb8 25. Qa8 Kh7 26. Ba5 Qc8 27. Nb3 e5
28. Be1 exf4 29. exf4 Bd8 30. Bg3 f5 31. Nd2 Bc7 32. Qa3 Qa6 33. Qe3 Qc8 34.
Nf3 Qd7 35. Bh4 Kg8 36. Ne1 Kf7 37. Nd3 Qe6 38. Qxe6+ Kxe6 39. Be1 Bd8 40. Kf2
Bf6 41. Ke3 Kd7 42. Ba5 Kc8 43. h3 Nd7 44. Ne1 Nf8 45. Nf3 Ne6 46. h4 h5 47. g3
Kb7 48. Kd3 Ka6 49. Bd2 Kb5 50. Be3 Ka4 51. Ng1 Kb3 52. Ne2 Nc7 53. Bd2 Nb5 54.
Ba5 Na3 55. Bc7 g6 56. Nc1+ Kb2 57. Ne2 Kb3 58. Nc1+ Kb4 59. Na2+ Ka4 60. Nc3+
Kb3 61. Ne2 Nc4 62. Nc1+ Kb4 63. Ne2 Nb2+ 64. Kc2 Ka3 1/2-1/2

[Event "XIV Festival A"]
[Site "Cesenatico ITA"]
[Date "2010.08.??"]
[Round "4"]
[White "Cordova, Emilio"]
[Black "Sveshnikov, Evgeny E."]
[WhiteElo "2560"]
[BlackElo "2487"]
[Result "1/2-1/2"]
[PlyCount "82"]
[EventDate "2010.08.30"]

1. d4 d5 2. Nf3 Nf6 3. c4 e6 4. e3 c5 5. Be2 Nc6 6. O-O dxc4 7. Bxc4 a6 8. Nc3
b5 9. Bb3 Bb7 10. Qe2 cxd4 11. Rd1 Be7 12. exd4 Nb4 13. a4 O-O 14. axb5 axb5
15. Rxa8 Qxa8 16. Nxb5 Rb8 17. Ng5 Ba6 18. Bc4 Qc6 19. Na3 Bb7 20. Nf3 Nbd5 21.
Ne5 Qb6 22. Nb1 Ba8 23. Nc3 Qb7 24. Nxd5 Nxd5 25. Qf3 Bd6 26. Bxd5 Qxd5 27.
Qxf7+ Kh8 28. Qf3 Bxe5 29. Qxd5 Bxh2+ 30. Kxh2 Bxd5 31. Kg3 h6 32. Rh1 Kh7 33.
f3 Rb4 34. Rd1 g5 35. Kf2 Kg6 36. Ke3 h5 37. Rd3 Kf5 38. Rc3 g4 39. fxg4+ hxg4
40. g3 Rb3 41. Kd3 e5 1/2-1/2

[Event "XIV Festival A"]
[Site "Cesenatico ITA"]
[Date "2010.08.??"]
[Round "4"]
[White "Marholev, Dimitar"]
[Black "Ladenhauf, Gideon"]
[WhiteElo "2428"]
[BlackElo "1975"]
[Result "1-0"]
[PlyCount "27"]
[EventDate "2010.08.30"]

1. d4 Nf6 2. Nf3 e6 3. c4 b6 4. a3 Bb7 5. Nc3 d5 6. Bg5 Be7 7. e3 O-O 8. cxd5
exd5 9. Bxf6 Bxf6 10. Bd3 c5 11. O-O Nd7 12. Re1 Re8 13. Rc1 Nf8 14. Ne2 1-0

[Event "XIV Festival A"]
[Site "Cesenatico ITA"]
[Date "2010.08.??"]
[Round "4"]
[White "Brioschi, Camillo"]
[Black "De Santis, Alessio"]
[WhiteElo "1833"]
[BlackElo "2348"]
[Result "0-1"]
[PlyCount "70"]
[EventDate "2010.08.30"]

1. d4 b6 2. c4 Bb7 3. Nc3 e6 4. Nf3 Bb4 5. Bg5 Nf6 6. e3 h6 7. Bh4 g5 8. Bg3
Ne4 9. Rc1 Nxg3 10. hxg3 Qf6 11. a3 Be7 12. e4 Nc6 13. e5 Qg7 14. Bd3 g4 15.
Nh2 Nxd4 16. Nxg4 h5 17. Be4 Nc6 18. Nf6+ Bxf6 19. exf6 Qxf6 20. Rxh5 O-O-O 21.
Qf3 Qg7 22. g4 Rxh5 23. gxh5 f5 24. Bxc6 Bxc6 25. Qe3 Qxg2 26. Kd2 Qh2 27. Nb5
Kb8 28. Nd4 Be4 29. Kc3 Rh8 30. f3 Rxh5 31. Rg1 Rh3 32. Rg8+ Kb7 33. Qg5 Bxf3
34. Qd8 Bd1+ 35. Kb4 Qxb2+ 0-1

[Event "XIV Festival A"]
[Site "Cesenatico ITA"]
[Date "2010.08.??"]
[Round "4"]
[White "Meijers, Viesturs"]
[Black "Simonini, Mattia"]
[WhiteElo "2474"]
[BlackElo "1545"]
[Result "1-0"]
[PlyCount "75"]
[EventDate "2010.08.30"]

1. e4 c6 2. c4 d5 3. exd5 cxd5 4. cxd5 Nf6 5. Bb5+ Bd7 6. Bc4 g6 7. Nc3 Bg7 8.
Qb3 Qc8 9. Nf3 O-O 10. O-O a6 11. a4 e6 12. dxe6 Bxe6 13. Bxe6 fxe6 14. Re1 Nc6
15. Qxe6+ Kh8 16. Qxc8 Raxc8 17. d4 Rcd8 18. Be3 Nb4 19. Rad1 Nfd5 20. Nxd5
Nxd5 21. h3 h6 22. Ne5 Kh7 23. Nd3 b6 24. Rc1 Ne7 25. Rc7 Nf5 26. Nb4 Nxd4 27.
Nxa6 Kh8 28. b4 Nf5 29. Bxb6 Rd2 30. a5 Ra8 31. Ra7 Rc8 32. Rc7 Ra8 33. Nc5 Rb2
34. Ne6 Rg8 35. Nxg7 Rxg7 36. Rxg7 Kxg7 37. g4 Nd6 38. Bd4+ 1-0

[Event "XIV Festival A"]
[Site "Cesenatico ITA"]
[Date "2010.08.??"]
[Round "4"]
[White "Proietti, Tosca"]
[Black "Salvador, Roland"]
[WhiteElo "1838"]
[BlackElo "2498"]
[Result "0-1"]
[PlyCount "138"]
[EventDate "2010.08.30"]

1. e4 c5 2. Nc3 Nc6 3. Bc4 e6 4. d3 Nf6 5. Bg5 Be7 6. Qd2 h6 7. Bxf6 Bxf6 8.
Nge2 a6 9. a4 Nb4 10. Bb3 O-O 11. O-O d5 12. exd5 exd5 13. Ng3 Be6 14. Nh5 c4
15. Nxf6+ Qxf6 16. dxc4 dxc4 17. Ba2 Qg6 18. Qd6 Nxa2 19. Nxa2 Qxc2 20. Qb6
Qxa4 21. Qxb7 Rab8 22. Qa7 Rxb2 23. Nc3 Qb3 24. Qd4 Rc2 25. Ne4 Bc8 26. Nc5 Qb6
27. Qe4 Rxf2 28. Kxf2 Qxc5+ 29. Qe3 Qc7 30. Kg1 Bb7 31. Qc3 Qc6 32. Rf2 Rd8 33.
Rc1 Qe4 34. h3 Rd4 35. Re1 Qd5 36. Re8+ Kh7 37. Qc2+ g6 38. Re1 Bc8 39. Qc3 Bf5
40. Rfe2 Rd3 41. Qe5 c3 42. Qxd5 Rxd5 43. Rc1 c2 44. Kf2 a5 45. g4 Be6 46.
Rexc2 a4 47. Rc3 h5 48. Ra1 hxg4 49. hxg4 Bd7 50. Kg3 Rd4 51. Rc7 Rxg4+ 52. Kf3
Rd4 53. Ke3 Rd6 54. Kf4 Kg7 55. Rc3 Rb6 56. Rc7 Rb4+ 57. Kf3 Be6 58. Ra7 Bb3
59. Kg3 g5 60. Ra5 Kg6 61. Rf1 Be6 62. Ra6 Kg7 63. Ra5 Rg4+ 64. Kh2 Kg6 65. Re1
Rd4 66. Ree5 g4 67. Re3 Bd7 68. Kg3 f5 69. Kh4 g3+ 0-1

[Event "XIV Festival A"]
[Site "Cesenatico ITA"]
[Date "2010.08.??"]
[Round "4"]
[White "Roeder, Matthias"]
[Black "Da Forno, Roberto"]
[WhiteElo "2392"]
[BlackElo "1898"]
[Result "1-0"]
[PlyCount "61"]
[EventDate "2010.08.30"]

1. Nf3 f5 2. c4 Nf6 3. g3 d6 4. d4 c6 5. Nc3 Na6 6. Bg2 g6 7. O-O Bg7 8. Rb1
O-O 9. b4 Nc7 10. a4 Bd7 11. b5 Rb8 12. Ba3 Kh8 13. Qd3 cxb5 14. axb5 b6 15. d5
Nce8 16. Nd4 Qc7 17. Nc6 Bxc6 18. bxc6 Ng4 19. e3 Ne5 20. Qe2 a6 21. Rfc1 Nf6
22. f4 Nf7 23. Qd3 Rfe8 24. Rb3 e5 25. dxe6 Rxe6 26. Nd5 Nxd5 27. cxd5 Re7 28.
Qxa6 Nh6 29. h3 Ng8 30. Rcb1 Rbe8 31. Bc1 1-0

[Event "XIV Festival A"]
[Site "Cesenatico ITA"]
[Date "2010.09.01"]
[Round "4"]
[White "Pettorusso, Aldo"]
[Black "Damia, Angelo"]
[WhiteElo "1673"]
[BlackElo "2281"]
[Result "0-1"]
[PlyCount "48"]
[EventDate "2010.08.30"]

1. Nf3 d6 2. d4 Bg4 3. e3 Nd7 4. Be2 c6 5. c4 e6 6. Nc3 Ngf6 7. b3 d5 8. h3 Bb4
9. Bb2 Qa5 10. Rc1 Bxf3 11. Bxf3 Qxa2 12. Qc2 dxc4 13. bxc4 Qxc4 14. Be2 Qd5
15. O-O Bxc3 16. Bxc3 O-O 17. Bb4 Rfe8 18. f3 Nb6 19. Rfd1 Qg5 20. e4 Nh5 21.
Bd2 Nf4 22. Bxf4 Qxf4 23. Qb3 Red8 24. Kh1 Rxd4 0-1

[Event "XIV Festival A"]
[Site "Cesenatico ITA"]
[Date "2010.08.??"]
[Round "4"]
[White "Drei, Andrea"]
[Black "Venni, Alberto"]
[WhiteElo "2254"]
[BlackElo "1806"]
[Result "1-0"]
[PlyCount "103"]
[EventDate "2010.08.30"]

1. e4 e5 2. Nc3 Nc6 3. Nf3 Nf6 4. Bb5 Bb4 5. O-O d6 6. Nd5 Ba5 7. b4 Bb6 8. d3
h6 9. h3 O-O 10. Nxb6 axb6 11. c3 Ne7 12. Re1 Be6 13. Qc2 Ng6 14. d4 c6 15. Ba4
b5 16. Bb3 Bxb3 17. Qxb3 Re8 18. Qc2 Qc7 19. a3 d5 20. Nxe5 Nxe5 21. dxe5 Qxe5
22. f4 Qc7 23. e5 Ne4 24. Be3 b6 25. Qb3 Rad8 26. Rad1 Qb7 27. Kh2 Kh7 28. Qc2
Kg8 29. Qb3 Kh8 30. Rb1 f6 31. exf6 Nxf6 32. Bd4 Ne4 33. Qc2 c5 34. bxc5 bxc5
35. Be5 Qa6 36. Qd3 Qxa3 37. Ra1 Qb3 38. Reb1 Qc4 39. Qxc4 bxc4 40. Ra7 Rxe5
41. fxe5 Re8 42. Rbb7 Nxc3 43. Rxg7 Rxe5 44. Rh7+ Kg8 45. Rag7+ Kf8 46. Rc7 Kg8
47. Rhg7+ Kh8 48. Rgd7 Re8 49. Rxc5 Ne4 50. Rc6 c3 51. Rxh6+ Kg8 52. Rc6 1-0

[Event "XIV Festival A"]
[Site "Cesenatico ITA"]
[Date "2010.08.??"]
[Round "4"]
[White "Gugnali, Gianni"]
[Black "Lain, Luigi"]
[WhiteElo "1666"]
[BlackElo "2218"]
[Result "0-1"]
[PlyCount "72"]
[EventDate "2010.08.30"]

1. d4 d5 2. c4 e6 3. Nc3 Be7 4. Nf3 Nf6 5. Bg5 Nbd7 6. e3 O-O 7. Rc1 dxc4 8.
Bxc4 c5 9. O-O b6 10. d5 Nxd5 11. Bxd5 exd5 12. Bxe7 Qxe7 13. Qxd5 Ba6 14. Rfd1
Rad8 15. Rd2 Ne5 16. Qxe5 Qxe5 17. Rxd8 Qf5 18. Nd5 Qe4 19. Ng5 Qe5 20. f4 Rxd8
21. fxe5 Rxd5 22. Nf3 Kf8 23. Rc2 Ke7 24. Kf2 h6 25. a3 Ke6 26. h3 Bd3 27. Rd2
Be4 28. Rxd5 Kxd5 29. e6 Kxe6 30. Ke2 Bxf3+ 31. gxf3 b5 32. Kd3 g5 33. Kc3 f5
34. b4 c4 35. Kd4 h5 36. Kc3 Ke5 0-1

[Event "XIV Festival A"]
[Site "Cesenatico ITA"]
[Date "2010.08.??"]
[Round "4"]
[White "Cesetti, Egidio"]
[Black "Stips, Felix"]
[WhiteElo "1646"]
[BlackElo "2206"]
[Result "0-1"]
[PlyCount "52"]
[EventDate "2010.08.30"]

1. d4 Nf6 2. c4 e6 3. g3 c5 4. Nf3 cxd4 5. Nxd4 d5 6. cxd5 Qxd5 7. Rg1 Bc5 8.
e3 O-O 9. Nc3 Qd8 10. Bd2 Bxd4 11. exd4 Qxd4 12. Qa4 Qxa4 13. Nxa4 Bd7 14. Nc3
Bc6 15. Be2 Nbd7 16. O-O-O Rac8 17. Kb1 Ne5 18. Bg5 Ne4 19. Nxe4 Bxe4+ 20. Ka1
Bf3 21. Rd2 Bxe2 22. Re1 Ba6 23. Red1 Nf3 24. Be3 Nxd2 25. Bxd2 Rfd8 26. b3 Rc2
0-1

[Event "XIV Festival A"]
[Site "Cesenatico ITA"]
[Date "2010.09.01"]
[Round "4"]
[White "Mastrolonardo, Francesco"]
[Black "Salzano, Guido"]
[WhiteElo "1527"]
[BlackElo "1998"]
[Result "0-1"]
[PlyCount "106"]
[EventDate "2010.08.30"]

1. d4 d5 2. Nf3 Nf6 3. e3 c6 4. c4 e6 5. Nc3 Nbd7 6. Bd2 Bd6 7. Bd3 dxc4 8.
Bxc4 b5 9. Bd3 Bb7 10. Rc1 a6 11. Ne4 Nxe4 12. Bxe4 Rc8 13. O-O Nf6 14. Bc2 c5
15. dxc5 Bxc5 16. Bc3 Qe7 17. Qe2 O-O 18. Rfd1 Ne4 19. Bd4 h6 20. h3 Rfd8 21.
Bb3 Ng5 22. Ne1 Bxd4 23. Rxc8 Rxc8 24. Rxd4 Qc7 25. Qc2 Qe5 26. Qd1 g6 27. Rd8+
Rxd8 28. Qxd8+ Kg7 29. Qd2 Ne4 30. Qe2 Qc5 31. Nd3 Qc6 32. Qc2 Qd6 33. f3 Ng5
34. Qc3+ Kh7 35. Nf2 e5 36. Qd3 Qc5 37. Qc3 Qxc3 38. bxc3 Kg7 39. Nd3 Kf6 40.
Kf2 Bc8 41. c4 e4 42. Nf4 exf3 43. gxf3 Nxh3+ 44. Nxh3 Bxh3 45. cxb5 axb5 46.
Bc2 b4 47. Kg3 Be6 48. Bb1 g5 49. f4 h5 50. Kf3 gxf4 51. Kxf4 h4 52. e4 h3 53.
Kf3 Ke5 0-1

[Event "XIV Festival A"]
[Site "Cesenatico ITA"]
[Date "2010.09.02"]
[Round "5"]
[White "Levin, Felix"]
[Black "Petkov, Vladimir"]
[WhiteElo "2472"]
[BlackElo "2496"]
[Result "1/2-1/2"]
[PlyCount "22"]
[EventDate "2010.08.30"]

1. d4 d5 2. c4 e6 3. Nc3 Nf6 4. cxd5 exd5 5. Bg5 c6 6. e3 Be7 7. Bd3 Nbd7 8.
Nf3 Nf8 9. Qc2 Ne6 10. Bh4 g6 11. O-O Ng7 1/2-1/2

[Event "XIV Festival A"]
[Site "Cesenatico ITA"]
[Date "2010.09.02"]
[Round "5"]
[White "Sveshnikov, Evgeny E."]
[Black "Marholev, Dimitar"]
[WhiteElo "2487"]
[BlackElo "2428"]
[Result "1/2-1/2"]
[PlyCount "69"]
[EventDate "2010.08.30"]

1. e4 e5 2. Nf3 Nc6 3. d4 exd4 4. Nxd4 Bc5 5. Be3 Qf6 6. c3 Nge7 7. g3 Nxd4 8.
cxd4 Bb4+ 9. Nc3 O-O 10. Bg2 c6 11. O-O Bxc3 12. bxc3 d5 13. f3 Qg6 14. Qd2 h6
15. a4 f5 16. exf5 Nxf5 17. Bf4 Nd6 18. Bxd6 Qxd6 19. Rfe1 Bf5 20. Qb2 b6 21.
Re5 Rae8 22. Rae1 Bd7 23. f4 Rxe5 24. fxe5 Qg6 25. Qe2 Bg4 26. Qd2 h5 27. Qe3
h4 28. h3 Be6 29. gxh4 Qh6 30. Qg3 Rf4 31. Rf1 Rxh4 32. Kh2 Rg4 33. Qf3 Rg5 34.
Qf8+ Kh7 35. Rf2 1/2-1/2

[Event "XIV Festival A"]
[Site "Cesenatico ITA"]
[Date "2010.08.??"]
[Round "5"]
[White "De Santis, Alessio"]
[Black "Cordova, Emilio"]
[WhiteElo "2348"]
[BlackElo "2560"]
[Result "0-1"]
[PlyCount "64"]
[EventDate "2010.08.30"]

1. b3 e5 2. Bb2 Nc6 3. e3 Nf6 4. c4 Bc5 5. a3 d6 6. d4 exd4 7. exd4 Bb6 8. Nf3
O-O 9. Be2 Nh5 10. Qd2 Na5 11. Bd1 Re8+ 12. Kf1 Bf5 13. Nc3 c6 14. h3 Nf6 15.
Bc2 Qd7 16. Rd1 Bc7 17. g4 Bxc2 18. Qxc2 d5 19. c5 b6 20. cxb6 axb6 21. Ne5 Qc8
22. b4 Nc4 23. Nxc6 b5 24. g5 Nh5 25. Bc1 Ra6 26. Na5 Nxa5 27. bxa5 Bxa5 28.
Rd3 Rc6 29. Bd2 Qf5 30. Kg2 Bxc3 31. Rxc3 Qxc2 32. Rxc2 Rxc2 0-1

[Event "XIV Festival A"]
[Site "Cesenatico ITA"]
[Date "2010.08.??"]
[Round "5"]
[White "Salvador, Roland"]
[Black "Ricchi, Luca"]
[WhiteElo "2498"]
[BlackElo "1994"]
[Result "1-0"]
[PlyCount "73"]
[EventDate "2010.08.30"]

1. d4 e6 2. Nf3 c5 3. e3 Nf6 4. c4 d5 5. cxd5 exd5 6. Be2 Nc6 7. O-O Bg4 8. Nc3
cxd4 9. Nxd4 Bxe2 10. Qxe2 Bb4 11. Qb5 Bxc3 12. bxc3 Qd7 13. Rb1 Nxd4 14. exd4
Qxb5 15. Re1+ Kd7 16. Rxb5 b6 17. Bg5 Kc6 18. c4 dxc4 19. Rf5 Rhe8 20. Rc1 b5
21. a4 a6 22. axb5+ axb5 23. Rc5+ Kb6 24. Rb1 Ra5 25. Bd2 Ra2 26. Rcxb5+ Ka6
27. Rb6+ Ka7 28. R6b4 Rc8 29. Be3 Nd5 30. Rb7+ Ka8 31. Rxf7 c3 32. Kf1 c2 33.
Rc1 Nxe3+ 34. fxe3 Rb2 35. Ke2 g5 36. Rxh7 Rf8 37. Rc7 1-0

[Event "XIV Festival A"]
[Site "Cesenatico ITA"]
[Date "2010.08.??"]
[Round "5"]
[White "Stips, Felix"]
[Black "Meijers, Viesturs"]
[WhiteElo "2206"]
[BlackElo "2474"]
[Result "1-0"]
[PlyCount "81"]
[EventDate "2010.08.30"]

1. Nf3 Nf6 2. c4 e6 3. Nc3 d5 4. d4 Be7 5. cxd5 exd5 6. Bf4 O-O 7. e3 b6 8. Bd3
Bb7 9. O-O c5 10. Rc1 a6 11. Ne5 c4 12. Bb1 b5 13. a3 Nbd7 14. Qf3 g6 15. g4
Ra7 16. Rfd1 Qa8 17. Nxd7 Nxd7 18. Qg3 Nf6 19. f3 Bc6 20. h4 a5 21. Kf2 b4 22.
axb4 axb4 23. Ne2 Bb5 24. h5 Rc8 25. Bd6 Qc6 26. Be5 c3 27. bxc3 b3 28. Rh1 g5
29. Bxf6 Bxf6 30. e4 b2 31. Rc2 dxe4 32. Rxb2 exf3 33. Qxf3 Bxe2 34. Qxc6 Rxc6
35. Rb8+ Bd8 36. Rxd8+ Kg7 37. h6+ Kf6 38. Kxe2 Rxc3 39. Re8 Re7+ 40. Rxe7 Kxe7
41. Bxh7 1-0

[Event "XIV Festival A"]
[Site "Cesenatico ITA"]
[Date "2010.08.??"]
[Round "5"]
[White "Bonacci, Mauro"]
[Black "Roeder, Matthias"]
[WhiteElo "2198"]
[BlackElo "2392"]
[Result "0-1"]
[PlyCount "51"]
[EventDate "2010.08.30"]

1. e4 c5 2. Nf3 d6 3. d4 cxd4 4. Nxd4 Nf6 5. Nc3 a6 6. Bc4 e6 7. Bb3 b5 8. O-O
Be7 9. a3 O-O 10. Kh1 Bb7 11. f3 Nc6 12. Nxc6 Bxc6 13. Bf4 Qc7 14. Qd2 Nd7 15.
Rad1 Ne5 16. Nd5 Bxd5 17. exd5 Nc4 18. Bxc4 Qxc4 19. b3 Qc8 20. dxe6 fxe6 21.
Bxd6 Rd8 22. Qb4 a5 23. Qf4 Qd7 24. Rd3 Bxd6 25. Qd2 Qe7 26. Qb4 0-1

[Event "XIV Festival A"]
[Site "Cesenatico ITA"]
[Date "2010.08.??"]
[Round "5"]
[White "Salzano, Guido"]
[Black "Sveshnikov, Vladimir"]
[WhiteElo "1998"]
[BlackElo "2391"]
[Result "1/2-1/2"]
[PlyCount "67"]
[EventDate "2010.08.30"]

1. e4 c5 2. Nc3 Nc6 3. g3 g6 4. Bg2 Bg7 5. d3 d6 6. Nge2 e5 7. O-O Nge7 8. f4
O-O 9. Be3 Nd4 10. Rb1 Nec6 11. a3 Be6 12. Nd5 Bg4 13. Ndc3 exf4 14. gxf4 Qd7
15. Qd2 Nxe2+ 16. Nxe2 Bh3 17. f5 Bxg2 18. Kxg2 gxf5 19. Rxf5 Ne7 20. Ng3 Nxf5
21. Nxf5 Kh8 22. Nxg7 Qg4+ 23. Kh1 Qf3+ 24. Kg1 Qg4+ 25. Kh1 Qxg7 26. Bh6 Qf6
27. Bxf8 Rxf8 28. Qc3 Qxc3 29. bxc3 b6 30. Kg2 Kg7 31. Kf3 Kf6 32. Rg1 b5 33.
Kf4 Re8 34. h4 1/2-1/2

[Event "XIV Festival A"]
[Site "Cesenatico ITA"]
[Date "2010.08.??"]
[Round "5"]
[White "Gerhard, Walter"]
[Black "Dittmar, Peter"]
[WhiteElo "1991"]
[BlackElo "2326"]
[Result "0-1"]
[PlyCount "107"]
[EventDate "2010.08.30"]

1. b4 e5 2. Bb2 Bxb4 3. Bxe5 Nf6 4. e3 O-O 5. Nf3 Be7 6. c4 d5 7. cxd5 Nxd5 8.
Be2 c5 9. O-O Nc6 10. Bb2 Bf6 11. d4 Bg4 12. Nbd2 cxd4 13. Nxd4 Bxe2 14. Qxe2
Nxd4 15. Bxd4 Bxd4 16. exd4 Nc3 17. Qd3 Qxd4 18. Qxd4 Ne2+ 19. Kh1 Nxd4 20. Nb3
Rfd8 21. Rfd1 Nxb3 22. axb3 a6 23. g3 Kf8 24. Kg2 Rac8 25. Rac1 Rxd1 26. Rxd1
Rc3 27. b4 Rc4 28. Rb1 Rc6 29. Kf3 Ke7 30. Rb2 Kd7 31. Ke4 Kc7 32. b5 Re6+ 33.
Kd4 Rd6+ 34. Kc4 Rb6 35. Re2 axb5+ 36. Kb4 Re6 37. Rd2 Kc6 38. Rc2+ Kb6 39. Rd2
Rf6 40. h4 Rf3 41. Rd6+ Kc7 42. Rd2 Kc6 43. Rc2+ Kb6 44. Rd2 g6 45. Rd6+ Kc7
46. Rd2 Kc6 47. Rc2+ Kb6 48. Rd2 h5 49. Rd6+ Kc7 50. Rd2 Kc6 51. Rc2+ Kd5 52.
Rd2+ Ke6 53. Kxb5 Kf5 54. Kc4 0-1

[Event "XIV Festival A"]
[Site "Cesenatico ITA"]
[Date "2010.08.??"]
[Round "5"]
[White "Friedrich, Norbert"]
[Black "Barlocco, Carlo"]
[WhiteElo "2315"]
[BlackElo "2183"]
[Result "1-0"]
[PlyCount "45"]
[EventDate "2010.08.30"]

1. e4 d5 2. exd5 Qxd5 3. Nc3 Qe5+ 4. Be2 c6 5. Nf3 Qc7 6. d4 Bg4 7. Ne5 Bxe2 8.
Qxe2 e6 9. Bf4 Bd6 10. Ne4 Nf6 11. Nxd6+ Qxd6 12. Ng6 Qxd4 13. Be5 Qd5 14. Nxh8
Nbd7 15. Bxf6 Nxf6 16. O-O Ke7 17. Rfd1 Qg5 18. Qd3 Nd5 19. c4 Nf4 20. Qd7+ Kf6
21. Qxf7+ Ke5 22. g3 Ne2+ 23. Kf1 1-0

[Event "XIV Festival A"]
[Site "Cesenatico ITA"]
[Date "2010.08.??"]
[Round "5"]
[White "Damia, Angelo"]
[Black "Sfera, Mattia"]
[WhiteElo "2281"]
[BlackElo "1970"]
[Result "1/2-1/2"]
[PlyCount "57"]
[EventDate "2010.08.30"]

1. e4 e6 2. d4 d5 3. Nc3 Bb4 4. exd5 exd5 5. Qf3 Ne7 6. Bg5 f6 7. Bf4 O-O 8.
O-O-O Be6 9. Bd3 Qd7 10. h3 Nbc6 11. Nge2 a6 12. g4 Bd6 13. Rhg1 Nb4 14. Bxd6
Nxd3+ 15. Rxd3 Qxd6 16. Qf4 Qd7 17. Re3 Ng6 18. Qg3 f5 19. f4 Rae8 20. g5 Bf7
21. Rd3 b5 22. Rg2 b4 23. Nd1 Re4 24. Re3 Rfe8 25. h4 Qd6 26. Rf2 Nf8 27. Rxe4
Rxe4 28. Ne3 Qe6 29. Kd2 1/2-1/2

[Event "XIV Festival A"]
[Site "Cesenatico ITA"]
[Date "2010.08.??"]
[Round "5"]
[White "De Nisi, Roberta"]
[Black "Drei, Andrea"]
[WhiteElo "1900"]
[BlackElo "2254"]
[Result "0-1"]
[PlyCount "74"]
[EventDate "2010.08.30"]

1. d4 Nf6 2. c4 e6 3. Nc3 Bb4 4. a3 Bxc3+ 5. bxc3 c5 6. Qc2 Nc6 7. Nf3 d6 8. e4
e5 9. d5 Ne7 10. Bd3 O-O 11. O-O Ne8 12. Nd2 Ng6 13. Nf3 Ne7 14. Ne1 g6 15. Bh6
Ng7 16. f4 exf4 17. Bxf4 f6 18. Qf2 g5 19. Be3 Ng6 20. Nf3 Bd7 21. e5 Nxe5 22.
Nxe5 fxe5 23. Qc2 Qe7 24. Bxh7+ Kh8 25. Be4 g4 26. Rxf8+ Rxf8 27. Rf1 Rxf1+ 28.
Kxf1 Qf6+ 29. Qf2 Bf5 30. Ke2 Kg8 31. h4 Qg6 32. Bxf5 Nxf5 33. g3 Ng7 34. Qg2
Qc2+ 35. Bd2 Nf5 36. h5 e4 37. Ke1 e3 0-1

[Event "XIV Festival A"]
[Site "Cesenatico ITA"]
[Date "2010.08.??"]
[Round "5"]
[White "Lain, Luigi"]
[Black "Setti, Roberto"]
[WhiteElo "2218"]
[BlackElo "1834"]
[Result "1-0"]
[PlyCount "57"]
[EventDate "2010.08.30"]

1. d4 d5 2. c4 c6 3. Nc3 Nf6 4. cxd5 cxd5 5. Bf4 a6 6. Qa4+ Qd7 7. Qb3 Nc6 8.
Nf3 e6 9. e3 Bd6 10. Bd3 Bxf4 11. exf4 Qc7 12. g3 Bd7 13. O-O O-O 14. Rac1 Rac8
15. Na4 b5 16. Nc5 Qa7 17. Qa3 Ra8 18. Rc2 Qb6 19. Rfc1 Rfc8 20. Nxd7 Nxd7 21.
Qd6 Ndb8 22. Ne5 Rd8 23. Rxc6 Nxc6 24. Qxc6 Qxd4 25. Qc2 Qb6 26. Bxh7+ Kf8 27.
Qc7 Qxc7 28. Rxc7 f6 29. Ng6+ 1-0